000 00738nam a22001697a 4500
008 100708t xxu||||| |||| 00| 0 eng d
020 _a9770129240
082 _222
_a229
_bس ل ا
100 _916062
_aسلامة ، حسين حسن
245 _aفى نور القرآن /
_cإعداد حسين حسن سلامة
260 _aالقاهرة :
_bالهيئة المصرية العامة للكتاب ،1991
_c1991
300 _a510 ص ؛
_c20 سم
541 _aالف باء ؛
650 _916072
_aالقرآن، مباحث عامة
942 _2ddc
_cBB
999 _c14435
_d14435